000
00284nam a2200133Ia 4500
100
_a
Methe/Shivaji
650
_a
Communication skills
942
_c
BK
245
_a
Communication Skills 11
260
_b
C.Jamnadas and Co
_c
2014
082
_b
MET
546
_a
ENGLISH
999
_c
24124
_d
24124